000
00274nam a22001097a 4500
082
_a
621.3 FRE
100
_a
FREEMAN, P.J
_9
56614
245
_a
WORKED EXAMPLES IN DIRECT CURRENT FOR ENGINEERING STUDENTS
260
_a
LONDON
_b
MACDONALD
_c
1965
300
_a
138P
942
_c
BK
999
_c
566991
_d
566991